Grundkurs JAVA (Запис № 461431)
[ простий вигляд ]
| 000 -LEADER | |
|---|---|
| fixed length control field | 03732nam a22004815i 4500 |
| 001 - CONTROL NUMBER | |
| control field | 978-3-658-30494-2 |
| 003 - CONTROL NUMBER IDENTIFIER | |
| control field | DE-He213 |
| 005 - DATE AND TIME OF LATEST TRANSACTION | |
| control field | 20200904105217.0 |
| 007 - PHYSICAL DESCRIPTION FIXED FIELD--GENERAL INFORMATION | |
| fixed length control field | cr nn 008mamaa |
| 008 - FIXED-LENGTH DATA ELEMENTS--GENERAL INFORMATION | |
| fixed length control field | 200810s2020 gw | s |||| 0|ger d |
| 020 ## - INTERNATIONAL STANDARD BOOK NUMBER | |
| International Standard Book Number | 9783658304942 |
| -- | 978-3-658-30494-2 |
| 024 7# - OTHER STANDARD IDENTIFIER | |
| Standard number or code | 10.1007/978-3-658-30494-2 |
| Source of number or code | doi |
| 050 #4 - LIBRARY OF CONGRESS CALL NUMBER | |
| Classification number | QA76.7-76.73 |
| 050 #4 - LIBRARY OF CONGRESS CALL NUMBER | |
| Classification number | QA76.76.C65 |
| 072 #7 - SUBJECT CATEGORY CODE | |
| Subject category code | UMX |
| Source | bicssc |
| 072 #7 - SUBJECT CATEGORY CODE | |
| Subject category code | COM051010 |
| Source | bisacsh |
| 072 #7 - SUBJECT CATEGORY CODE | |
| Subject category code | UMX |
| Source | thema |
| 072 #7 - SUBJECT CATEGORY CODE | |
| Subject category code | UMC |
| Source | thema |
| 082 04 - DEWEY DECIMAL CLASSIFICATION NUMBER | |
| Classification number | 005.13 |
| Edition number | 23 |
| 100 1# - MAIN ENTRY--PERSONAL NAME | |
| Personal name | Abts, Dietmar. |
| Relator term | author. |
| Relator code | aut |
| -- | http://id.loc.gov/vocabulary/relators/aut |
| 245 10 - TITLE STATEMENT | |
| Title | Grundkurs JAVA |
| Medium | [electronic resource] : |
| Remainder of title | Von den Grundlagen bis zu Datenbank- und Netzanwendungen / |
| Statement of responsibility, etc | von Dietmar Abts. |
| 250 ## - EDITION STATEMENT | |
| Edition statement | 11th ed. 2020. |
| 264 #1 - | |
| -- | Wiesbaden : |
| -- | Springer Fachmedien Wiesbaden : |
| -- | Imprint: Springer Vieweg, |
| -- | 2020. |
| 300 ## - PHYSICAL DESCRIPTION | |
| Extent | XII, 611 S. 101 Abb. |
| Other physical details | online resource. |
| 336 ## - | |
| -- | text |
| -- | txt |
| -- | rdacontent |
| 337 ## - | |
| -- | computer |
| -- | c |
| -- | rdamedia |
| 338 ## - | |
| -- | online resource |
| -- | cr |
| -- | rdacarrier |
| 347 ## - | |
| -- | text file |
| -- | |
| -- | rda |
| 505 0# - FORMATTED CONTENTS NOTE | |
| Formatted contents note | Grundlegende Sprachkonzepte und Kernthemen der Objektorientierung -- Behandlung von Ausnahmen -- Ausgewählte Standard-Klassen -- Generische Programmierung (parametrisierte Typen) -- Funktionale Programmierung mit Lambda-Ausdrücken und Streams -- Dateiverarbeitung -- Nebenläufigkeit und Synchronisation -- Programmierung grafischer Oberflächen mit Swing und JavaFX -- Datenbankschnittstelle JDBC -- Netzwerkprogrammierung auf der Basis von TCP/IP -- Prinzipien objektorientierten Designs -- Modularisierung. |
| 520 ## - SUMMARY, ETC. | |
| Summary, etc | Lernen Sie schrittweise die wichtigsten Aspekte von Java kennen, von den elementaren Grundlagen über Konzepte der Objektorientierung und grafische Benutzungsoberflächen bis zu Datenbankanwendungen und Kommunikation im Netzwerk. Rund 220 Übungen unterstützen Sie dabei, die einzelnen Themen zu vertiefen. Der vollständige Quellcode der im Buch behandelten Programme und alle Lösungen zu den Aufgaben sind auf der Webseite zu diesem Buch verfügbar. Der Inhalt Grundlegende Sprachkonzepte und Kernthemen der Objektorientierung Behandlung von Ausnahmen Ausgewählte Standard-Klassen Generische Programmierung (parametrisierte Typen) Funktionale Programmierung mit Lambda-Ausdrücken und Streams Dateiverarbeitung Nebenläufigkeit und Synchronisation Programmierung grafischer Oberflächen mit Swing und JavaFX Datenbankschnittstelle JDBC Netzwerkprogrammierung auf der Basis von TCP/IP Prinzipien objektorientierten Designs Modularisierung Die Zielgruppen Studierende der Informatik und Wirtschaftsinformatik IT-Beschäftigte in Ausbildung und Beruf Programmiersprachen-Umsteiger Der Autor Prof. Dr. Dietmar Abts lehrte das Fachgebiet Wirtschaftsinformatik, insbesondere Anwendungsentwicklung, an der Hochschule Niederrhein in Mönchengladbach. Er ist Autor mehrerer erfolgreicher Fachbücher. |
| 650 #0 - SUBJECT ADDED ENTRY--TOPICAL TERM | |
| Topical term or geographic name as entry element | Programming languages (Electronic computers). |
| 650 #0 - SUBJECT ADDED ENTRY--TOPICAL TERM | |
| Topical term or geographic name as entry element | Computer software. |
| 650 #0 - SUBJECT ADDED ENTRY--TOPICAL TERM | |
| Topical term or geographic name as entry element | Computer programming. |
| 650 14 - SUBJECT ADDED ENTRY--TOPICAL TERM | |
| Topical term or geographic name as entry element | Programming Languages, Compilers, Interpreters. |
| -- | https://scigraph.springernature.com/ontologies/product-market-codes/I14037 |
| 650 24 - SUBJECT ADDED ENTRY--TOPICAL TERM | |
| Topical term or geographic name as entry element | Professional Computing. |
| -- | https://scigraph.springernature.com/ontologies/product-market-codes/I29000 |
| 650 24 - SUBJECT ADDED ENTRY--TOPICAL TERM | |
| Topical term or geographic name as entry element | Programming Techniques. |
| -- | https://scigraph.springernature.com/ontologies/product-market-codes/I14010 |
| 710 2# - ADDED ENTRY--CORPORATE NAME | |
| Corporate name or jurisdiction name as entry element | SpringerLink (Online service) |
| 773 0# - HOST ITEM ENTRY | |
| Title | Springer Nature eBook |
| 776 08 - ADDITIONAL PHYSICAL FORM ENTRY | |
| Display text | Printed edition: |
| International Standard Book Number | 9783658304935 |
| 856 40 - ELECTRONIC LOCATION AND ACCESS | |
| Uniform Resource Identifier | <a href="https://doi.org/10.1007/978-3-658-30494-2">https://doi.org/10.1007/978-3-658-30494-2</a> |
| 912 ## - | |
| -- | ZDB-2-STI |
Немає доступних примірників.